Văn học Việt Nam sau 1975 : Những vấn đề nghiên cứu và giảng dạy
Quyển sách có ba phần : Những vấn đề chung, Những vấn đề về văn xuôi và Những vấn đề về thơ. Cuốn sách nói về việc giải quyết các vấn đề đặt ra trong việc nghiên cứu, giảng dạy và đánh giá ba mươi năm văn học Việt Nam từ sau 1975...
Uloženo v:
| Hlavní autor: | |
|---|---|
| Médium: | Kniha |
| Jazyk: | Undetermined |
| Vydáno: |
Hà Nội
Giáo dục
2009
|
| Témata: | |
| Tagy: |
Přidat tag
Žádné tagy, Buďte první, kdo otaguje tento záznam!
|
| Thư viện lưu trữ: | Trung tâm Học liệu Trường Đại học Cần Thơ |
|---|
| LEADER | 01422nam a2200253Ia 4500 | ||
|---|---|---|---|
| 001 | CTU_188069 | ||
| 008 | 210402s9999 xx 000 0 und d | ||
| 020 | |c 65000 | ||
| 082 | |a 895.922072 | ||
| 082 | |b L431 | ||
| 100 | |a Nguyễn, Văn Long | ||
| 245 | 0 | |a Văn học Việt Nam sau 1975 : | |
| 245 | 0 | |b Những vấn đề nghiên cứu và giảng dạy | |
| 245 | 0 | |c Nguyễn Văn Long, Lã Nhâm Thìn ( đồng chủ biên ) | |
| 260 | |a Hà Nội | ||
| 260 | |b Giáo dục | ||
| 260 | |c 2009 | ||
| 520 | |a Quyển sách có ba phần : Những vấn đề chung, Những vấn đề về văn xuôi và Những vấn đề về thơ. Cuốn sách nói về việc giải quyết các vấn đề đặt ra trong việc nghiên cứu, giảng dạy và đánh giá ba mươi năm văn học Việt Nam từ sau 1975 giúp cho việc nghiên cứu và học tập, giảng dạy của các trường phổ thông và đại học. | ||
| 526 | |a Văn học Việt Nam hiện đại 4 (1975 - 2000),Văn xuôi Việt Nam hiện đại | ||
| 526 | |b SG217,XHV605 | ||
| 650 | |a Vietnamese literature,Văn học Việt Nam | ||
| 650 | |x History and criticism,Lịch sử và phê bình | ||
| 910 | |a Thoại Linh,Hải | ||
| 980 | |a Trung tâm Học liệu Trường Đại học Cần Thơ | ||